000 00649nam a2200205Ia 4500
005 20260121110213.0
008 008 260114s9999 xx 000 0 hin d
020 _a9788132301394
037 _aEBOOK
040 _aCRL
_bhin
_cCRL
041 _ahin
_2hin
084 _qCRL
100 _aसुधीर शर्मा / Sudhir Sharma
_9943312
245 0 _aमनोविज्ञान के आधार / Manovigyan ke aadhaar
260 _bभाषा प्रकाशन / Bhasha Prakashan
_c2020
856 _uhttps://bhashaprakashan.com/product-details/377805
942 _cEBOOK
999 _c1534977
_d1534977